| 000 | 01110nam2a22002651 4500 | ||
|---|---|---|---|
| 001 | rc\4935532 | ||
| 005 | 20130426160515.1 | ||
| 035 | _a(NLR Aleph) 008848547 | ||
| 090 |
_a8385922 _c8385922 |
||
| 100 | _a20130426d1967 |||y0rusy50 ca | ||
| 101 | 0 | _arus | |
| 102 | _aRU | ||
| 105 | _ay z ||||| | ||
| 200 | 0 |
_aЧ. 3 _e... за 1964-1946 гг. и I полугодие 1967 г. _fСост. А.В. Пастухова |
|
| 210 | _d1967 | ||
| 215 | _a23 с. | ||
| 225 | 1 |
_a... _e... _v... _i... _v№ 34 [1] |
|
| 320 | _aПеречень просмотр. литературы: с. 22 | ||
| 461 | 0 |
_1001rc\4935531 _12001#$aСпаи стекла с металлом и керамикой$eОтечеств. и иностр. литература...$eЧ. 3-$vЧ. 3 _98385919 _cМосква _d1967- _nБ. и. _oОтечеств. и иностр. литература... : Ч. 3- _tСпаи стекла с металлом и керамикой _vЧ. 3 |
|
| 702 | 1 |
_aПастухова _bА. В. _4220 |
|
| 801 | 0 |
_aRU _bNLR _gpsbo |
|
| 801 | 1 |
_aRU _bELAR _2rusmarc |
|
| 852 |
_aNLR _jС315-410/Т-32 |
||
| 942 | _cBOOK | ||
| 980 | _aNB | ||